000 00468nam a2200181Ia 4500
001 8877
005 20260306160642.0
008 260306t2015||||xx |||||||||||||| ||spa||
041 _aESP
082 _a371.821
_bJ415
100 _aJames, Abigail Norfleet
_eAUT
245 0 _aTeaching the male brain:
_bhow boys think, feel, and Learn in School
260 _c2015
300 _a331 páginas :
_c25 cm.
650 _aGEN
654 _aCED
942 _cLIB
_dJUS
_fJUS
_2ddc
_n
999 _c8877
_d8877